| 000 | 00886cam a22002411 4500 | ||
|---|---|---|---|
| 001 | sa 67002575 | ||
| 003 | DLC | ||
| 005 | 20260227112331.0 | ||
| 008 | 790221s1965 ii b 000 0 eng | ||
| 010 | _asa 67002575 | ||
| 025 | _aPL480: I-E-6592 | ||
| 035 | _a(OCoLC)4677271 | ||
| 040 |
_aDLC _cNAlU _dDLC |
||
| 042 | _apremarc | ||
| 050 | 0 | 0 |
_aKNS2790 _b.P67 1965 |
| 100 | 1 | _aPophale, G. L. | |
| 245 | 1 | 2 |
_aA quarter century of direct taxation in India, 1939-1964, _ba historical-cum-critical survey, _cby G.L. Pophale. |
| 260 |
_aBombay, _bIMC Economic Research and Training Foundation, Sir Purshotamdas Thakurdas Research Wing _c[1965] |
||
| 300 |
_axliv, 475 p. _c23 cm. |
||
| 490 | 0 |
_aResearch publication series / Indian Merchants' Chamber Economic Research and Training Foundation ; _v6 |
|
| 504 | _aBibliography: p. xv. | ||
| 650 | 0 |
_aTaxation _xLaw and legislation _zIndia. |
|
| 999 |
_c73310 _d73310 |
||